Statistiken für Geboren in Zürich

Klicken Sie hier um das Quiz zu spielen!

Allgemein

  • Dieses Quiz wurde 35 mal gespielt
    (4 seit der letzten Aktualisierung)
  • Das Durchschnittsergebnis liegt bei 7 aus 24

Antwortstatistiken

HinweisAntwort% Korrekt
früherer langjähriger Fußballnationaltorhüter, (Wolfsburg, Monaco)1983Diego Benaglio
75%
Politikerin und erste Frau im Bundesrat1936Elisabeth Kopp
75%
Nationaltrainer der Schweiz von 2001 bis 2008 und früherer Fußballnationalspieler der über 550 Spiele für den FC Zürich absolvierte1943Jakob "Köbi" Kuhn
75%
früherer Fußballnationalspieler (Grashoppers) und Fußballtrainer (Österreich, Basel, Bochum)1960Marcel Koller
75%
langjähriger Besitzer eines gleichnamigen Formel 1 Rennstalls1943Peter Sauber
75%
Fußballnationalspieler, FC Turin1992Ricardo Rodriguez
75%
Schauspieler und von 1996 bis 2019 der Träger des Iffland-Ringes, "Der Untergang" "Der Himmel über Berlin"1941Bruno Ganz
50%
Fußballnationaltorhüter, Borussia Dortmund1997Gregor Kobel
50%
Schriftsteller, "Homo Faber" "Stiller"1911Max Frisch
50%
Fußballnationalspieler, FC Sevilla1997Djibril Sow
25%
Politiker und Gründer von Migros1888Gottlieb Duttweiler
25%
Fürst von Liechtenstein seit 19891945Hans-Adam II.
25%
bedeutender Pädagoge1746Johann Heinrich Pestalozzi
25%
Fußballnationspieler, Borussia Mönchengladbach1996Nico Elvedi
25%
Schauspieler, "James Bond 007: Ein Quantum Trost" "96 Hours" "The Fifth Estate"1970Anatole Taubman
0%
früher türkischer, jetzt amerikanischer Basketballspieler, er spielte zuletzt für die Boston Celtics1992Enes Kanter
0%
Fußballnationalspielerin, AS Rom1993Eseosa Aigbogun
0%
Nobelpreisträger in Physik und Pazifist1905Felix Bloch
0%
Mitgründer der Zürcher Täuferbewegung1498Felix Manz
0%
Schauspieler, "Wolkenbruchs wunderliche Reise in die Arme einer Schickse" "Unter dem Sand"1990Joel Basman
0%
Eishockeynationalspieler, New Jersey Devils1997Jonas Siegenthaler
0%
Schauspielerin, "Je suis Karl" "Biohackers"1999Luna Wedler
0%
deutscher Schauspieler, "Nachts, wenn der Teufel kommt" "Die Blechtrommel" "Lola"1930Mario Adorf
0%
Dichter, Maler und Begründer der Neuen Zürcher Zeitung1730Salomon Gessner
0%

Verteilung der Resultate

Perzentil nach korrekt beantworteten Fragen

Anzahl Personen mit jedem Resultat

Ihre Resultats-Entwicklung

Sie haben dieses Quiz seit der letzten Aktualisierung nicht gespielt